| 000 | 00775nam a22002297a 4500 | ||
|---|---|---|---|
| 003 | OSt | ||
| 005 | 20250730023333.0 | ||
| 008 | 250730b |||||||| |||| 00| 0 eng d | ||
| 020 | _a 9789380147499 | ||
| 040 |
_aDWCL-Main lib _cOC |
||
| 082 | _aCirc. 025.17 V522t 2011 | ||
| 100 | _aVerma, Dr. Amrapali | ||
| 245 |
_a Technical infrastructure for digital libraries/ _cDr. Amrapali Verma |
||
| 250 | _a First edition | ||
| 260 |
_aNew Delhi : _bPacific Publication, _c c2011. |
||
| 300 |
_a262 pages ; _c22 cm. |
||
| 504 | _aIncludes bibliography and index. | ||
| 650 | _a1. Digital libraties--Collection development. | ||
| 650 | _a2. Acquisition of databases. | ||
| 650 | _a3. Digital libraries--Management. | ||
| 942 |
_2ddc _cBK-CIRC _eFirst edition _kCirc. _n0 |
||
| 999 |
_c3886 _d3886 |
||